MARC

LEADER 00000nam0a2200000 4500
001 350212
005 20231102010259.0
035 |a (RuTPU)RU\TPU\retro\3802 
035 |a RU\TPU\retro\3786 
090 |a 350212 
100 |a 20181129d1954 k y0rusy50 ca 
101 0 |a rus 
102 |a RU 
105 |a a p 000zy 
200 1 |a Испытания тормозных накладок легковых автомобилей на стабильность тормозного эффекта при нагреве  |e отчет  |f Государственный научно-исследовательский автомобильный и автомоторный институт (НАМИ), Отдел испытания автомобилей. Лаборатория дорожных испытаний, Отделение автомобильных научно-исследовательских лабораторий. Лаборатория тормозов ; науч. рук. А. В. Осипян ; отв. ред. И. С. Козловский 
210 |a Москва  |c Типография НАМИ  |d 1954 
215 |a 74 с.  |c ил. 
225 1 |a Технический отчет  |v № 126 
606 1 |a Автомобильные тормоза  |x Техническая диагностика  |2 stltpush  |3 (RuTPU)RU\TPU\subj\1271  |9 30056 
610 1 |a тормозные накладки 
610 1 |a испытания 
610 1 |a нагрев 
610 1 |a тормозной эффект 
610 1 |a оборудование 
610 1 |a стендовые испытания 
610 1 |a дорожные испытания 
675 |a 629.113-59  |v 4 
702 1 |a Осипян  |b А. В.  |4 727 
702 1 |a Козловский  |b И. С.  |4 340 
712 0 2 |a Государственный научно-исследовательский автомобильный и автомоторный институт (НАМИ)  |b Отдел испытания автомобилей. Лаборатория дорожных испытаний  |b Отделение автомобильных научно-исследовательских лабораторий. Лаборатория тормозов  |c (Москва)  |c (1946-1957)  |2 stltpush  |3 (RuTPU)RU\TPU\col\13490 
801 1 |a RU  |b 63413507  |c 20181128 
801 2 |a RU  |b 63413507  |c 20181129  |g RCR 
942 |c BK